书目信息 |
| 题名: |
图像局部特征检测及描述
|
|
| 作者: | 朱红军 著 | |
| 分册: | ||
| 出版信息: | 北京 人民邮电出版社 2020.07 |
|
| 页数: | 118页 | |
| 开本: | 24cm | |
| 丛书名: | ||
| 单 册: | ||
| 中图分类: | TP391.413 | |
| 科图分类: | ||
| 主题词: | 图象处理软件--tu xiang chu li ruan jian--程序设计 | |
| 电子资源: | ||
| ISBN: | 978-7-115-54070-6 | |
| 000 | 01295nam0 2200253 450 | |
| 001 | CAL 0120203053756 | |
| 005 | 20200818140419.4 | |
| 010 | @a978-7-115-54070-6@dCNY79.00 | |
| 100 | @a20200818d2020 em y0chiy0120 ea | |
| 101 | 0 | @achi |
| 102 | @aCN@b110000 | |
| 105 | @aa a 000yy | |
| 106 | @ar | |
| 200 | 1 | @a图像局部特征检测及描述@Atu xiang ju bu te zheng jian ce ji miao shu@d= Image local feature detection and description@f朱红军著@zeng |
| 210 | @a北京@c人民邮电出版社@d2020.07 | |
| 215 | @a118页@c图@d24cm | |
| 320 | @a有书目 | |
| 330 | @a本书针对噪声图像中的特征检测及描述的稳定性和可分辨性问题, 介绍了国内外经典算法的原理和作者的相关研究成果, 并对算法的优势和局限性进行了分析。该书重点介绍了30多种特征检测算法, 包括基于边缘、模板、灰度导数以及基于机器学习的角点检测算法, 基于灰度导数、机器学习以及与滤波整合的像素级边缘检测算法, 基于灰度矩、空间矩的亚像素级边缘检测算法, SIFT、SURF等斑点检测算法。还介绍了10多种特征描述算法, 包括GLOH、WLD、BRIEF、ORB等经典描述算法, 还包括清晰或模糊直线的参数估计。 | |
| 510 | 1 | @aImage local feature detection and description@zeng |
| 606 | 0 | @a图象处理软件@Atu xiang chu li ruan jian@x程序设计 |
| 690 | @aTP391.413@v5 | |
| 701 | 0 | @a朱红军@Azhu hong jun@4著 |
| 801 | 0 | @aCN@b人天书店@c20200818 |
| 905 | @aTSG@b0000794@dTP391.413@eZ842@f2 | |
| 图像局部特征检测及描述= Image local feature detection and description/朱红军著.-北京:人民邮电出版社,2020.07 |
| 118页:图;24cm |
| ISBN 978-7-115-54070-6:CNY79.00 |
| 本书针对噪声图像中的特征检测及描述的稳定性和可分辨性问题, 介绍了国内外经典算法的原理和作者的相关研究成果, 并对算法的优势和局限性进行了分析。该书重点介绍了30多种特征检测算法, 包括基于边缘、模板、灰度导数以及基于机器学习的角点检测算法, 基于灰度导数、机器学习以及与滤波整合的像素级边缘检测算法, 基于灰度矩、空间矩的亚像素级边缘检测算法, SIFT、SURF等斑点检测算法。还介绍了10多种特征描述算法, 包括GLOH、WLD、BRIEF、ORB等经典描述算法, 还包括清晰或模糊直线的参数估计。 |
| ● |
| 相关链接 |
|
|
|
正题名:图像局部特征检测及描述
索取号:TP391.413/Z842
 
预约/预借
| 序号 | 登录号 | 条形码 | 馆藏地/架位号 | 状态 | 备注 |
| 1 | 1531290 | 215312908 | 自科库301/301自科库 107排1列2层/ [索取号:TP391.413/Z842] | 在馆 | |
| 2 | 1531291 | 215312917 | 自科库301/301自科库 107排1列2层/ [索取号:TP391.413/Z842] | 在馆 |